000
00286nam a22001217a 4500
040
_c
HS
082
_a
484
100
_a
នុត ចន្ថា
245
_a
ការងាររដ្ឋបាល
260
_a
RUA
_b
នុត ចន្ថា
_c
2008
300
_a
39p;
942
_c
KB
999
_c
10117
_d
10117